000 00305nam a22001337a 4500
008 170830b xxu||||| |||| 00| 0 eng d
020 _a9781555707262
041 _aeng
080 _a070
100 _a40
101 _aMED
245 _aARCHEVES PRINCIPLES AND PRACTICE
_cMILLAR.L.A
942 _2udc
_cBK
999 _c25593
_d25593